Dạ khúc chim /

שמור ב:
מידע ביבליוגרפי
מחבר ראשי: Hussein,Taha
מחברים אחרים: Tôn Thất Hoàng (dịch)
פורמט: ספר
שפה:Vietnamese
יצא לאור: HCM : VHSG, 2008.
2008.
נושאים:
תגים: הוספת תג
אין תגיות, היה/י הראשונ/ה לתייג את הרשומה!
Thư viện lưu trữ: Mạng thư viện Đại học Đà Nẵng
LEADER 00957nam a22003131a 4500
001 000040806
003 17101
005 20210507145627.0
008 160412s2008 000
020 |c 40000 đ 
041 0 |a vie 
082 |a 891.7  |b HU-T 
100 0 |a Hussein,Taha 
245 0 |a Dạ khúc chim /  |c Taha Hussein; Tôn Thất Hoàng dịch. 
260 |c 2008. 
260 |a HCM :  |b VHSG,  |c 2008. 
300 |a 241 tr. ;  |c 20cm. 
653 |a Dạ khúc chim 
653 |a truyện ngắn 
700 |a Tôn Thất Hoàng  |e dịch 
OWN |a LNN 
902 |a TKV 
AVA |a UDN50  |b LNN  |d 891.7 HU-T  |e available  |t Error 5001 Not defined in file expand_doc_bib_avail.  |f 2  |g 0  |h N  |i 0 
999 |a From the UDN01 
AVA |a UDN50  |b LNN  |d 891.7 HU-T  |e available  |t Error 5001 Not defined in file expand_doc_bib_avail.  |f 2  |g 0  |h N  |i 0 
TYP |a Monograph 
980 |a Mạng thư viện Đại học Đà Nẵng